00320nam a2200121Ia 4500008004100000041000800041082001800049100001200067245004600079260004600125300002100171440000600192220530s9999 xx 000 0 und d aeng a621.4021bYAD aYadav R aFundamentals Of Enginering Thermodynamics aAllahabadbCentral Publishing Housec2009 axiii, 1048 PbPB v7